UBT Library

Enduring women / (Record no. 44533)

000 -LEADER
fixed length control field 00586cam a2200229 a 4500
001 - CONTROL NUMBER
control field 4786019
005 - DATE AND TIME OF LATEST TRANSACTION
control field 20180309034629.0
008 - FIXED-LENGTH DATA ELEMENTS--GENERAL INFORMATION
fixed length control field 870506s1988 txuac s000 0ceng
010 ## - LIBRARY OF CONGRESS CONTROL NUMBER
LC control number 87014022
020 ## - INTERNATIONAL STANDARD BOOK NUMBER
International Standard Book Number 089096324X (pbk.)
020 ## - INTERNATIONAL STANDARD BOOK NUMBER
International Standard Book Number 0890963622 :
Terms of availability $35.00
040 ## - CATALOGING SOURCE
Original cataloging agency DLC
Transcribing agency DLC
Modifying agency DLC
041 ## - LANGUAGE CODE
Language code of text/sound track or separate title eng
043 ## - GEOGRAPHIC AREA CODE
Geographic area code n-us---
080 ## - UNIVERSAL DECIMAL CLASSIFICATION NUMBER
Universal Decimal Classification number 016.3054
082 00 - DEWEY DECIMAL CLASSIFICATION NUMBER
Classification number 016.3054 GEN
Edition number 19
100 1# - Rafti
Rafti 50
101 ## - Shkurtesa
Shkurtesa SOC
245 10 - TITLE STATEMENT
Title Enduring women /
Statement of responsibility, etc text and photographs by Diane Koos Gentry.
906 ## - LOCAL DATA ELEMENT F, LDF (RLIN)
a 7
b cbc
c orignew
d 1
e ocip
f 19
g y-gencatlg
942 ## - ADDED ENTRY ELEMENTS (KOHA)
Source of classification or shelving scheme
Item type Books
Holdings
Withdrawn status Lost status Source of classification or shelving scheme Damaged status Not for loan Collection code Permanent location Current location Shelving location Date acquired Total Checkouts Full call number Barcode Date last seen Price effective from Koha item type
          Koleksioni i përgjithshem UBT - Lipjan UBT - Lipjan Koleksioni i përgjithshem 03/09/2018   016.3054 GEN 002-3001484 03/09/2018 03/09/2018 Books
UBT Library © 2015-2024. All rights reserved University Education for Business and Technology